Discussion on "Aiban SA (2006) Compressibility and swelling characteristics of Al-Khobar Palygorskite, eastern Saudi Arabia. Engineering Geology 87(3-4):205-219"

Podrobná bibliografia
Hlavný autor: Azam, Shahid (Author)
Médium: Článok
Jazyk:English
Témy:
Zdroj: 1. Engineering geology 1. 0013-7952 1. Roč. 92, č. 3-4 (júl 2007), s. 170-172
LEADER 01076nab#a2200313#ar4500
001 000087313
003 SVKKK
005 20071217103810.0
008 050331c2007 ne e eng
FMT
015 |a SNBRB2007/11-ccccc 
038 |a SVKKK 
040 |a SVKKK  |b slo  |e AACR2 
041 0 |a eng 
044 |a ne  |c NL 
080 |a 549.6  |2 1997 
100 1 |a Azam, Shahid  |4 aut 
242 1 0 |a Diskusia o článku Aiban, S.A. (2006) Charakteristiky stlačiteľnosti a napúčavosti al-khobarského palygorskitu, východná Saudská Arábia. Engineering Geology r. 87 (3-4), s. 205-219 
245 1 0 |a Discussion on "Aiban SA (2006) Compressibility and swelling characteristics of Al-Khobar Palygorskite, eastern Saudi Arabia. Engineering Geology 87(3-4):205-219"  |c Shahid Azam 
504 |a Bibliogr. odkazy 
650 0 4 |a palygorskit  |x stlačiteľnosť  |x napúčavosť 
773 0 |t Engineering geology  |x 0013-7952  |g Roč. 92, č. 3-4 (júl 2007), s. 170-172 
958 |a NB 
974 |a Ni 
992 |a RBX 
BAS
852 |a SVKKK  |b BIB 
EXP
998 |a GEO